MDQL
is popping MORE tags! Check the
thread
!
Quizzes
Events
Quiz Creation
Community
Videos
Private Events
Remove Ads
Sign In
Join for FREE
Feedback
Dark Mode
Quiz Categories
Sports
Geography
Music
Movies
Television
Just For Fun
Miscellaneous
History
Literature
Language
Science
Gaming
Entertainment
Religion
Holiday
For Kids
Quiz Lab
Recent
Popular Today
Quiz Kudos Today
Editor Picks
Curator Picks
Quizzes by...
Day
Popularity
Type
Ratings
Length
Year
Community
Subscriptions
Recent Discussions
Orange Saloon
Badges
Playlists
Quests
Create
Leaderboards
Showdown
Live 5
Trivia Bingo
Activity
Puzzle Library
Sporcle Events
Private Events
Virtual Trivia
Globe League
Become a Host
Pub Owners
SporcleCon
Opinionation
Our Games
Videos
Blog
Mobile Apps
Partnerships
Remove Ads and Go Orange
Feedback
Geography
Country
Landmarks
City
State
Population
World
Capital
Continent
Flags
Europe
Africa
Asia
South America
North America
Oceania
Border
Canada
United Kingdom
Topography
United States
Geography
Country
Landmarks
City
State
Population
World
Capital
Continent
Flags
Europe
Africa
Asia
South America
North America
Oceania
Border
Canada
United Kingdom
Topography
United States
Random Quiz
Search Sporcle
×
Quiz Lab
Quiz Lab
Geography
Capital
Type in answers that appear in a list
Type in answers that appear in a list
Classic
Best Score? Go Orange.
Countries in alphabetical order Stats
Can you name the capitals in alphabetical order
By
legostarwars65
18m
197 Questions
43 Plays
43 Plays
43 Plays
Comments
Comments
Give Quiz Kudos
Give Quiz Kudos
-
- Ratings
hide this ad
Forced Order
Answers have to be entered in order
Answers have to be entered in order
Replay
Link that replays current quiz
Next Quiz
Link to next quiz in quiz playlist
You Got
0%
They Got
Avg Score
77%
Avg Friend Score
Upgrade to see
Score Distribution
Jump to the score distribution portion of the page
Score
0/197
Timer
18:00
0
Plays Today
location
Answer
% Correct
Asia
Afghanistan
100%
Europe
Albania
95.3%
Africa
Algeria
95.3%
North America
Antigua and Barbuda
90.7%
Europe
Austria
90.7%
Oceania
Australia
90.7%
North America
Bahamas
90.7%
South America
Brazil
90.7%
South America
Argentina
90.7%
Europe
Andorra
88.4%
Africa
Angola
88.4%
Asia
Bahrain
88.4%
North America
Barbados
88.4%
North America
Belize
88.4%
South America
Bolivia
88.4%
South America
Colombia
88.4%
Asia
Bangladesh
86%
Europe
Belgium
86%
Africa
Cameroon
86%
South America
Chile
86%
Europe
Denmark
86%
Europe
Finland
86%
Europe
France
86%
Africa
Gabon
86%
Africa
Guinea
86%
Africa
Guinea-Bissau
86%
North America
Haiti
86%
Asia
India
86%
Asia
Indonesia
86%
North America
Jamaica
86%
Asia
Japan
86%
Asia
Jordan
86%
Asia
Kazakhstan
86%
Oceania
Kiribati
86%
Asia
Laos
86%
Europe
Luxembourg
86%
Asia
Azerbaijan
83.7%
Europe
Belarus
83.7%
Africa
Benin
83.7%
Asia
Bhutan
83.7%
Africa
Botswana
83.7%
Asia
Brunei
83.7%
Africa
Djibouti
83.7%
North America
Dominica
83.7%
North America
Dominican Republic
83.7%
Africa
Egypt
83.7%
North America
El Salvador
83.7%
Africa
Equatorial Guinea
83.7%
Africa
Eritrea
83.7%
Europe
Estonia
83.7%
Oceania
Fiji
83.7%
Africa
Gambia
83.7%
South America
Guyana
83.7%
North America
Honduras
83.7%
Europe
Iceland
83.7%
Europe
Ireland
83.7%
Europe
Italy
83.7%
Africa
Kenya
83.7%
Asia
Kyrgyzstan
83.7%
Europe
Latvia
83.7%
Africa
Liberia
83.7%
Europe
Liechtenstein
83.7%
Europe
Lithuania
83.7%
Africa
Malawi
83.7%
Oceania
Palau
83.7%
Africa
Burkina Faso
81.4%
location
Answer
% Correct
Africa
Burundi
81.4%
North America
Canada
81.4%
Asia
China
81.4%
Africa
Cote d'Ivoire
81.4%
South America
Ecuador
81.4%
Europe
Germany
81.4%
North America
Grenada
81.4%
North America
Guatemala
81.4%
Europe
Hungary
81.4%
Asia
Iran
81.4%
Asia
Iraq
81.4%
Europe
Kosovo
81.4%
Africa
Lesotho
81.4%
Oceania
Marshall Islands
81.4%
Oceania
Nauru
81.4%
Asia
Oman
81.4%
North America
Panama
81.4%
Europe
Portugal
81.4%
Europe
Romania
81.4%
Africa
Rwanda
81.4%
North America
St. Kitts and Nevis
81.4%
North America
St. Vincent and the Grenadines
81.4%
Oceania
Tuvalu
81.4%
North America
United States of America
81.4%
Asia
Armenia
79.1%
Asia
Cambodia
79.1%
Africa
Chad
79.1%
Africa
Comoros
79.1%
North America
Costa Rica
79.1%
Asia
Cyprus
79.1%
Europe
Czech Republic
79.1%
Africa
Ethiopia
79.1%
Asia
Israel
79.1%
Africa
Libya
79.1%
Europe
Macedonia
79.1%
Africa
Mali
79.1%
Europe
Malta
79.1%
Europe
Montenegro
79.1%
Europe
Netherlands
79.1%
Asia
Pakistan
79.1%
South America
Paraguay
79.1%
North America
St. Lucia
79.1%
Asia
South Korea
79.1%
Africa
South Sudan
79.1%
Europe/
Asia
Turkey
79.1%
Europe
United Kingdom
79.1%
Africa
Zambia
79.1%
Africa
Zimbabwe
79.1%
Asia
Nepal
77.5%
Europe
Bosnia and Herzegovina
76.7%
Africa
Madagascar
76.7%
Asia
Malaysia
76.7%
Asia
Maldives
76.7%
North America
Mexico
76.7%
Europe
Moldova
76.7%
Africa
Namibia
76.7%
Oceania
New Zealand
76.7%
Oceania
Papua New Guinea
76.7%
South America
Peru
76.7%
Asia
North Korea
76.7%
Asia
Qatar
76.7%
Oceania
Samoa
76.7%
Europe
San Marino
76.7%
Africa
Sudan
76.7%
South America
Suriname
76.7%
Europe
Sweden
76.7%
location
Answer
% Correct
Europe
Switzerland
76.7%
Asia
Tajikistan
76.7%
Oceania
Tonga
76.7%
Asia
Turkmenistan
76.7%
Asia
United Arab Emirates
76.7%
South America
Uruguay
76.7%
South America
Venezuela
76.7%
Africa
Democratic Republic of the Congo
74.4%
Africa
Ghana
74.4%
Europe
Greece
74.4%
Oceania
Micronesia
74.4%
North America
Nicaragua
74.4%
Europe
Russia
74.4%
Europe
Serbia
74.4%
Africa
South Africa
74.4%
Oceania
Vanuatu
74.4%
Asia
Vietnam
74.4%
Europe
Bulgaria
72.1%
Africa
Cabo Verde
72.1%
Europe
Croatia
72.1%
North America
Cuba
72.1%
Asia
Lebanon
72.1%
Asia
Myanmar
72.1%
Europe
Slovakia
72.1%
Europe
Slovenia
72.1%
Oceania
Solomon Islands
72.1%
Africa
Swaziland
72.1%
Europe
Vatican City
72.1%
Africa
Central African Republic
69.8%
Africa
Mauritius
69.8%
Europe
Monaco
69.8%
Africa
Morocco
69.8%
Europe
Norway
69.8%
Asia
Philippines
69.8%
Africa
Republic of the Congo
69.8%
Asia
Yemen
69.8%
Africa
Mauritania
69.8%
Asia
Mongolia
67.4%
Africa
Niger
67.4%
Africa
Nigeria
67.4%
Asia
Palestine
67.4%
Europe
Poland
67.4%
Asia
Thailand
67.4%
Europe
Ukraine
67.4%
Africa
Mozambique
65.1%
Africa
Senegal
65.1%
Asia
Syria
65.1%
Africa
Sao Tome and Principe
62.8%
Africa
Sierra Leone
62.8%
North America
Trinidad and Tobago
62.8%
Asia
Georgia
60.5%
Asia
Kuwait
60.5%
Asia
Singapore
60.5%
Europe
Spain
60.5%
Africa
Togo
60.5%
Asia
Uzbekistan
60.5%
Asia
Timor Leste
60.5%
Africa
Somalia
58.1%
Africa
Uganda
58.1%
Asia
Taiwan
55.8%
Africa
Tanzania
53.5%
Asia
Saudi Arabia
48.8%
Asia
Sri Lanka
48.8%
Africa
Tunisia
44.2%
Africa
Seychelles
39.5%
Quiz Playlist
Details
Report
Send in Message
Add To Playlist
Classic:
Type in answers that appear in a list
Forced Order:
Answers have to be entered in order
Last Updated: Feb 16, 2017
Quiz Scoreboard
CHALLENGE
Sign Up to Join the Scoreboard
Show All
Scores
Hide
Comments
May contain spoilers
Recently Published
Two Season TV Shows II
by 123Four
Television
10m
Image Sorting: Flags VI
by Barbecue
Geography
2m
Find the 'City' Movie
by crazypaving
Movies
60s
More to Explore
Quiz From the Vault
Featured Blog Post
14 Easter Pick-up Lines to Find Eggs With
hide this ad
You Might Also Like...
Tags
Capital Quiz
Country Quiz
Alphabetical
location
Order
Today's Top Quizzes in Geography
Browse Geography
hide this ad
Today's Top Quizzes in Capital
Browse Capital
Top Contributed Quizzes in Geography
1
Colored Red Europe Blitz I
2
Countries of the World - No Outlines Minefield
3
Colored Red Africa Blitz II
4
Colored Red Europe Blitz II
5
Colored Red Europe Blitz III
6
Colored Red Africa Blitz III
7
Colored Red States Blitz I
8
Colored Red States Blitz II
9
A Different View: World Oceans
10
Colored Red States Blitz III
Explore More
Trending Topics
Marvel
Harry Potter
Disney
Crossword
NBA
Anime
Kpop
Puzzle
NFL
Soccer
Pokémon
Country
The Office
Song
WWE
hide this ad
More By:
legostarwars65
Quiz
Plays
Rating
Category
Featured
Created
BIg Ten Mascots
68
2.50
Sports
Sep 5, 2014
countries in alphabetical order
43
Geography
Sep 10, 2014
Go to Creator's Profile
Score Distribution
Quiz Creator Spotlight
legostarwars65
Follow
Send a Message
Quizzes Created
-
Created Quiz Play Count
-
More By This Creator
Popular Quizzes Today
1
Find the US States - No Outlines Minefield
2
Colored Red Africa Blitz
3
Find the 'City' Movie
4
5x2 Blitz: Bands
5
The Countries of the World
6
Find the Countries of Europe - No Outlines Minefield
7
Find the US States
8
US States
More Geography Quizzes
Blind Secret Country CXI
Quiz Lab
Trending Quizzes
Colored Red Europe Blitz I
Colored Red Africa Blitz II
Colored Red Europe Blitz II
Colored Red Africa Blitz III
Even More Two Season TV Shows
Recently Updated
March Madness Men's Triple Doubles
pecheneg
How Do You Spell That?
pecheneg
Godzilla Movies
pecheneg
Grab Bag: 4-10 Letters
pecheneg
2024 March Madness Bracket
pecheneg
Famous TV Couples
Peacemaker
Champions League XIs: Real Madrid
pecheneg
Largest US Cities 1790-2010
pecheneg
Rides in Walt Disney World
pecheneg
Most Oscar Losses (Acting)
pecheneg
Trending Topics
NBA
Marvel
Kpop
Harry Potter
Crossword
Disney
Anime
Pokémon
Puzzle
WWE
NFL
Soccer
The Office
Song
Country
Your Account Isn't Verified!
In order to create a playlist on Sporcle, you need to verify the email address you used during registration. Go to your
Sporcle Settings
to finish the process.
Report this User
Report this user for behavior that violates our
Community Guidelines
.
Details:
Send Report
Go to the Sporcle.com Mobile Site →
Comments